000 00295nam a22001337a 4500
008 170406b xxu||||| |||| 00| 0 eng d
020 _a9780443023415
041 _aeng
080 _a611.018
100 _a9
101 _aSHM
245 _aFUNCTIONAL HISTOLOGY
_cWHEATER.P.R
942 _2udc
_cBK
999 _c10036
_d10036